[Event "Rottach Egern Seniors Cup 9th"]
[Site "Rottach Egern"]
[Date "2021.10.25"]
[Round "4"]
[White "Stern, Geoffrey"]
[Black "Stohwasser, Ralf"]
[Result "1-0"]
[WhiteElo "1937"]
[BlackElo "1700"]
[PlyCount "87"]
[EventDate "2021.10.22"]
[EventType "swiss"]
[EventRounds "7"]
[EventCountry "GER"]
[SourceTitle "CBM 204 Extra"]
[Source "ChessBase"]
[SourceDate "2021.11.30"]
[SourceVersion "1"]
[SourceVersionDate "2021.11.30"]
[SourceQuality "1"]

1. d4 Nf6 2. Nc3 b6 3. e4 d6 4. Nf3 h6 5. Bd3 Bg4 6. h3 Bd7 7. Qe2 e6 8. e5 Ng8 9. d5 Qe7 10. 0-0 g5 11. Re1 c6 12. dxe6 Bxe6 13. exd6 Qxd6 14. Bc4 Be7 15. Bxe6 Qxe6 16. Qxe6 fxe6 17. Nd4 Kf7 18. Nxe6 Bd6 19. f4 gxf4 20. Bxf4 Bxf4 21. Nxf4 Na6 22. Rad1 Nf6 23. Re6 Rhe8 24. Rxc6 Re7 25. Rxf6+ Kxf6 26. Nfd5+ Kf7 27. Nxe7 Kxe7 28. Kf2 Nc5 29. g4 Rf8+ 30. Kg3 Rf7 31. h4 Kf8 32. Rd2 Kg7 33. Re2 Nd7 34. Nb5 Nf6 35. Nd6 Rc7 36. g5 hxg5 37. hxg5 Nh5+ 38. Kg4 Rd7 39. Nf5+ Kg6 40. Ne7+ Kf7 41. Kxh5 Rxe7 42. Rxe7+ Kxe7 43. Kh6 Kf8 44. Kh7 1-0

[Event "Rottach Egern Seniors Cup 9th"]
[Site "Rottach Egern"]
[Date "2021.10.23"]
[Round "2"]
[White "Walther, Renate"]
[Black "Stohwasser, Ralf"]
[Result "0-1"]
[WhiteElo "1142"]
[BlackElo "1700"]
[PlyCount "56"]
[EventDate "2021.10.22"]
[EventType "swiss"]
[EventRounds "7"]
[EventCountry "GER"]
[SourceTitle "CBM 204 Extra"]
[Source "ChessBase"]
[SourceDate "2021.11.30"]
[SourceVersion "1"]
[SourceVersionDate "2021.11.30"]
[SourceQuality "1"]

1. e4 b6 2. d4 e6 3. Nf3 Bb7 4. Bd3 h6 5. Nc3 d6 6. Qe2 Ne7 7. a4 a5 8. e5 c6 9. Bf4 d5 10. Na2 Ba6 11. 0-0 Ng6 12. Bg3 Be7 13. Bxa6 Nxa6 14. c4 Nc7 15. Qc2 dxc4 16. Qxc4 Qd5 17. Rac1 Kd7 18. Qxd5+ Nxd5 19. Nc3 Nxc3 20. Rxc3 Bb4 21. Rd3 Ne7 22. Bf4 Nd5 23. Be3 Rhc8 24. Nd2 Bxd2 25. Rxd2 b5 26. axb5 cxb5 27. Rdd1 Rc7 28. f4 Nxe3 0-1